20 Most Common Fears (Phobias) Worldwide - Statistics

General Stats
  • This quiz has been taken 285 times
  • The average score is 11 of 20
Answer Stats
Rank -Phobia Fear Of % Correct
6 Arachnophobia Spiders
94%
5 Aerophobia Flying
80%
3 Acrophobia Heights
79%
8 Sociophobia Social Interactions
79%
2 Thanatophobia Death
76%
4 Claustrophobia Confined Spaces
68%
17 Hemophobia Blood
63%
7 Nyctophobia Darkness
62%
1 Glossophobia Public Speaking
57%
9 Agoraphobia Unsafe Environments
50%
19 Xenophobia Foreigners
49%
18 Hippopotomonstrosesquippedaliophobia Long Words
46%
15 Necrophobia Dead Things
44%
13 Ophidiophobia Snakes
42%
14 Trypophobia Holes
40%
12 Cynophobia Dogs
33%
20 Monophobia Being Alone
31%
16 Trypanophobia Needles
21%
10 Astraphobia Thunder and/or Lightning
21%
11 Mysophobia Germs
17%
No matching quizzes found
Score Distribution
Percent of People with Each Score
Percentile by Number Answered
Your Score History
You have not taken this quiz